[Event "Julian Mazur Memorial"]
[Site "Wellington Chess Club"]
[Date "2014.07.31"]
[Round "2"]
[White "Sellen, Ian"]
[Black "Kay, Bruce"]
[Result "1-0"]
[WhiteElo "2075"]
[BlackElo "1744"]

1. c4 Nf6 2. g3 c5 3. Bg2 e6 4. Nf3 Nc6 5. O-O d5 6. cxd5 exd5 7. d4 Be7 8. Nc3
O-O 9. Bf4 Be6 10. Rc1 cxd4 11. Nxd4 Rc8 ( {allowing me to start the assault on
e6. } 11... Nh5 12. Be3 { may be better} ) 12. Nxe6 fxe6 13. Bh3 Qd7 (13... Kf7
{is possible} ) 14. e4 d4 15. Qb3 $1 ( {I like this move because it looks
scary, not because it is necessarily objectively better than the alternative}
15. Nb5 Kf7 16. Rc4 {is also better for white} ) 15... Nd8 ( {Black should
probably think about reinforcing e6 with} 15... Kf7 { then if} 16. Nb5 a6 17.
Nc7 Rxc7 18. Bxc7 Qxc7 19. Qxe6+ Ke8 {and black can possibly survive this,
though I would rather be white myself.} ) 16. Rfd1 {pin upon pin!} 16... Nh5
17. Be5 {white is clearly winning now} 17... Bf6 18. Rxd4 Qe8 19. Bxf6 Rxf6 (
{after the game Bruce said he probably should have taken back with the knight,
} 19... Nxf6 {, and I tend to agree} ) 20. Rcd1 b6 21. Nb5 Qe7 22. e5 (22. Rd7
{straight away is quicker, eg } 22... Qf8 23. e5 $1 Rxf2 24. Rxd8 Rxd8 25. Rxd8
Qxd8 26. Kxf2 Qd2+ 27. Kf3 {no more checks} ) 22... Rg6 $2 (22... Rf8 {loses
more slowly} ) 23. Nd6 ( {or } 23. Nxa7 $1) 23... Rb8 24. Qf3 Qg5 25. Bg4 Nf4
26. Rxf4 Nc6 $2 {black simply gives away another piece, but it was hopeless
anyway} 27. Qxc6 1-0

[Event "Julian Mazur Memorial"]
[Site "Wellington Chess Club"]
[Date "2014.07.31"]
[Round "2"]
[White "Sole, Christopher"]
[Black "Scarlett, William"]
[Result "0-1"]
[WhiteElo "953"]
[BlackElo "1255"]

1. e4 e5 2. Nf3 Nc6 3. Bc4 Nf6 4. d3 h6 5. O-O d6 6. Be3 Bg4 7. h3 Bh5 8. Nbd2
Be7 9. Qe1 O-O 10. d4 Nb4 11. Rc1 d5 12. exd5 Nbxd5 13. dxe5 Ne8 14. Rd1 c6 15.
g4 Bg6 16. Bb3 Nb4 17. Nc4 Qc7 18. c3 Be4 19. cxb4 Bxf3 20. Rd3 b5 21. Na5 Qxe5
22. Nxc6 Bxc6 23. Qc3 Bd6 24. f4 Qe4 25. Kf2 Bxb4 26. Qc2 Qf3+ 0-1

[Event "Julian Mazur Memorial"]
[Site "Wellington Chess Club"]
[Date "2014.07.31"]
[Round "2"]
[White "Sole, Michael"]
[Black "Nyberg, Michael"]
[Result "0-1"]
[WhiteElo "1746"]
[BlackElo "2081"]

1. e4 c5 2. Nf3 d6 3. d4 cxd4 4. Nxd4 Nf6 5. Nc3 g6 6. Bd3 Bg7 7. Be3 Nc6 8.
Nf3 a6 9. h3 Be6 10. Ng5 Bd7 11. f4 b5 12. a3 e5 13. Qd2 Rc8 14. O-O-O Qa5 15.
Na2 Qc7 16. Rhf1 exf4 17. Bxf4 Nd4 18. Nc3 O-O 19. g4 Qb6 20. Be3 b4 21. axb4
Qxb4 22. Bxd4 Qxd4 23. Bxa6 Qxd2+ 24. Rxd2 Rc5 25. Nf3 Rc6 26. Be2 Ra8 27. Kb1
Rb6 28. Rfd1 Nxe4 29. Kc1 Ra1+ 0-1

[Event "Julian Mazur Memorial"]
[Site "Wellington Chess Club"]
[Date "2014.07.31"]
[Round "2"]
[White "Stone, Andrew"]
[Black "Roberts, Michael"]
[Result "1-0"]
[WhiteElo "2058"]
[BlackElo "1761"]

1. e4 e5 2. Nf3 Nf6 3. Nc3 Bb4 4. Nxe5 d6 5. Nf3 Bxc3 6. dxc3 Nxe4 7. Bd3 O-O
8. O-O d5 9. c4 h6 10. cxd5 Qxd5 11. c4 Qe6 12. Re1 f5 13. Qc2 Qg6 14. Bxe4
fxe4 15. Qxe4 Bf5 16. Qd5+ Kh8 17. Nh4 Qc6 18. Nxf5 Qxd5 19. cxd5 Rxf5 20. Re8+
Kh7 21. g3 Rxd5 22. Bf4 1-0

[Event "Julian Mazur Memorial"]
[Site "Wellington Chess Club"]
[Date "2014.07.31"]
[Round "2"]
[White "Wilkins, Mark"]
[Black "Anderson, Gordon"]
[Result "1-0"]
[WhiteElo "1886"]
[BlackElo "1624"]

1. d4 Nf6 2. Bg5 Ne4 3. Bf4 d5 4. f3 Nf6 5. e3 Nc6 6. Bd3 Nh5 7. Ne2 Nxf4 8.
Nxf4 e5 9. Ne2 exd4 10. exd4 Qe7 11. O-O Qe3+ 12. Kh1 Be7 13. Nbc3 Be6 14. Bb5
O-O 15. f4 f5 16. Rf3 Qxf3 17. gxf3 a6 18. Bd3 Bf6 19. Qd2 Bxd4 20. Nxd4 Nxd4
21. Qg2 Nc6 22. Rg1 Rf7 23. Re1 Rf6 24. Ne2 Rd8 25. c3 d4 26. Nxd4 Nxd4 27.
cxd4 Rxd4 28. Qc2 c6 29. Rxe6 Rxe6 30. Bc4 Rxc4 31. Qxc4 Kf7 32. Qd3 g6 33. Qb3
b5 34. Kg2 Ke7 35. Kg3 c5 36. Qc3 Kd6 37. Qd3+ Kc6 38. Qd8 b4 39. Qc8+ Kd5 40.
Qd7+ Rd6 41. Qxh7 c4 42. Qb7+ Kd4 43. Qxb4 Rd5 44. Qc3+ Kc5 45. a4 Rd3 46. b4+
Kd5 47. Qe5+ Kc6 48. Qc5+ 1-0

[Event "Julian Mazur Memorial"]
[Site "Wellington Chess Club"]
[Date "2014.08.07"]
[Round "3"]
[White "Aldridge, Alan"]
[Black "Stoeveken, Peter"]
[Result "1-0"]
[WhiteElo "1951"]
[BlackElo "1856"]

1. d4 d5 2. Nc3 Nf6 3. e4 Nxe4 4. Nxe4 dxe4 5. f3 exf3 6. Nxf3 c6 7. Bc4 f6 $2
8. Bf4 Bg4 9. c3 b5 10. Bb3 Nd7 11. O-O Nb6 12. Qd3 Nd5 13. Bg3 Bh5 14. a4 a6
$4 15. axb5 cxb5 16. Rxa6 $1 Kf7 17. Rxa8 Qxa8 18. Qxb5 (18. Ng5+ $1 {better}
18... Kg8 (18... Ke8 19. Qxb5+ Kd8 20. Ne6+ Kc8 21. Bxd5 {checkmates quickly} )
19. Qe4 Bf7 20. Nxf7 Kxf7 21. Bxd5+) 18... e6 19. Qd7+ Be7 20. Ng5+ ( {now} 20.
Ne5+ Kf8 {is better:} 21. Qxe6 Nb6 22. Qxb6) 20... Kg6 21. Nxe6 Ne3 22. Nf4+
Kh6 23. Re1 Ng4 24. Nxh5 {and black has had enough} 1-0

[Event "Julian Mazur Memorial"]
[Site "Wellington Chess Club"]
[Date "2014.08.07"]
[Round "3"]
[White "Anderson, Gordon"]
[Black "Aumeier, Beate"]
[Result "1-0"]
[WhiteElo "1624"]
[BlackElo "1090"]

1. d4 d5 2. g3 Nc6 3. Bg2 Nf6 4. Nf3 e6 5. Bg5 Be7 6. O-O Qd6 7. Bf4 Qd8 8. a3
b6 9. Nc3 Ba6 10. b4 Bc4 11. Nd2 Nh5 12. Be3 Qd7 13. Nxc4 dxc4 14. d5 exd5 15.
Nxd5 O-O-O 16. Nxe7+ Qxe7 17. Qc1 Ne5 18. Rd1 Rxd1+ 19. Qxd1 Rd8 20. Qe1 f5 21.
Rd1 g5 22. Rxd8+ Qxd8 23. Qd2 Qe7 24. Bxg5 Qe8 25. Bh3 Ng4 26. Bxg4 fxg4 27. c3
Qf8 28. Qd4 h6 29. Qxg4+ Kb8 30. Be3 Nf6 31. Qf5 h5 32. Bd4 1-0

[Event "Julian Mazur Memorial"]
[Site "Wellington Chess Club"]
[Date "2014.08.07"]
[Round "3"]
[White "Brockway, Andrew"]
[Black "Stone, Andrew"]
[Result "0-1"]
[WhiteElo "1784"]
[BlackElo "2058"]

{ Ian suggested I annotate this game. On reflection it wasn't my best work but
it was a deserved victory for the other Andrew. } 1. e4 e5 { I was expecting
the Caro-Kann so for the second week in a row preparation is out the window. }
2. Nf3 Nc6 3. Bb5 Bc5 4. O-O Nf6 { According to my book we have transposed to
the Classical Berlin. My book gives the following variation. } 5. Bxc6 (5. Nxe5
Nxe5 6. d4 a6 7. Be2 Nc6 8. dxc5 Nxe4 9. Be3 Qe7 10. Re1 Nxc5 11. Bxa6 O-O 12.
Bf1) 5... dxc6 6. Nxe5 Nxe4 7. Qe2 { I thought I had something here although it
turned out to be a bit of an illusion. } 7... Qd5 8. Nd3 O-O 9. Nxc5 Nxc5 10.
Nc3 Qd4 11. d3 Bg4 { The computer gives the following variation which it
suggests would have been good for me. } 12. Qe3 (12. Be3 { +0.92/21 } 12...
Qxc3 13. Qxg4 Qe5 14. Bd4 h5 15. Bxe5 hxg4 16. Bxc7 Rfe8 17. Rfe1 Ne6 18. Be5
f6 19. Bc3 Nf4 20. Bd2) 12... Ne6 13. Qg3 f5 { Instead I start mucking around.
I was going to play Be3 but was worried by Qb4. } 14. Bd2 (14. Be3 Qb4 15. a3
Qxb2 16. Qe5 { This variation suggests I didn't need to worry about Qb4. } )
14... Bh5 15. Rfe1 Rae8 16. Qh3 Bg6 17. Qe3 f4 18. Qxd4 Nxd4 19. Rxe8 Bxe8 20.
Rc1 { The computer suggests Re1 with the idea of getting my Rook to the 7th
rank if Andrew grabs my c pawn. This looks good for me. } 20... b5 21. f3 { A
pretty much fatal blunder from me which allows Andrew to win the exchange. }
21... b4 22. Ne4 Ne2+ 23. Kf2 Nxc1 24. Bxc1 Rf5 25. Bd2 c5 26. b3 Bc6 27. Bc1
a5 28. a4 bxa3 29. Bxa3 a4 30. Nxc5 axb3 31. Nxb3 { I manage to win a pawn but
the position has opened giving Andrew's Rook more power. The computer doesn't
rate my  chances. I follow up with some poor moves which are punished by
Andrew. In the end I run out of time but it was hopeless for me in any event. }
31... Kf7 32. Nd4 Rf6 33. c4 Bd7 34. Bc1 Rd6 35. Bb2 c5 0-1

[Event "Julian Mazur Memorial"]
[Site "Wellington Chess Club"]
[Date "2014.08.07"]
[Round "3"]
[White "Collings, Alex"]
[Black "Sole, Christopher"]
[Result "0-1"]
[WhiteElo "1203"]
[BlackElo "953"]

1. e4 e5 2. Nf3 Nc6 3. Nxe5 Nxe5 4. d4 Ng6 5. Bc4 d6 6. O-O Be7 7. Nc3 Nf6 8.
Be3 O-O 9. Qd2 Bd7 10. h3 c6 11. d5 cxd5 12. exd5 Rc8 13. b3 Ne5 14. Bb5 a6 15.
Bxd7 Qxd7 16. f4 Ng6 17. Rf3 Qc7 18. Bd4 Rfe8 19. Rg3 b5 20. b4 Qc4 21. a3 Bd8
22. Rb1 Ne4 23. Qe3 $4 f5 ( {Rybka 2.3.2a mp 32-bit  -6.35 (depth 13)} 23...
Bf6 24. Bxf6 Nxg3 25. Qxg3 gxf6 26. Nd1 Qxf4 27. Qxf4 Nxf4 28. c3 Re2 29. g4
Nxh3+ 30. Kf1) 24. Rf3 Bf6 25. Rd1 Nh4 26. Rff1 Bxd4 27. Rxd4 Qxc3 28. Qxc3
Rxc3 29. Rc1 Ng3 30. Kh2 Re2 31. Rg1 Nf3+ ( {Rybka 2.3.2a mp 32-bit  #3 (depth
15)} 31... Nf1+ 32. Kh1 Rxh3+ 33. gxh3 Rh2#) 32. Kxg3 Nxg1+ 33. Kh4 Rxg2 34.
Rd3 Rcxc2 35. Rg3 h6 36. a4 Kh7 37. axb5 axb5 38. Rxg2 Rxg2 39. Kh5 g6+ 40. Kh4
Nf3# 0-1

[Event "Julian Mazur Memorial"]
[Site "Wellington Chess Club"]
[Date "2014.08.07"]
[Round "3"]
[White "Croad, Nicolas"]
[Black "Jackson, Ross"]
[Result "1-0"]
[WhiteElo "2368"]
[BlackElo "1984"]

1. d4 d5 2. c4 c6 3. Nf3 e6 4. e3 Nf6 5. b3 Qa5+ 6. Bd2 Qc7 7. Bd3 Nbd7 8. O-O
b6 9. cxd5 exd5 10. Nc3 Ba3 11. Qc2 Qd6 12. e4 dxe4 13. Nxe4 Nxe4 14. Bxe4 Ba6
15. Rfe1 O-O 16. Bxh7+ Kh8 17. Re4 Bd3 18. Qxd3 Nc5 19. Qc2 Nxe4 20. Bxe4 Rac8
21. Rb1 c5 22. d5 b5 23. Bf5 Rcd8 24. Qe4 1-0

[Event "Julian Mazur Memorial"]
[Site "Wellington Chess Club"]
[Date "2014.08.07"]
[Round "3"]
[White "Farrington, Lawrence"]
[Black "Perry, Roger"]
[Result "0-1"]
[WhiteElo "1852"]
[BlackElo "2098"]

1. e4 c5 2. c3 Nf6 3. e5 Nd5 4. d4 cxd4 5. cxd4 d6 6. Nf3 Nc6 7. Bc4 Nb6 8. Bb3
dxe5 9. dxe5 Qxd1+ 10. Bxd1 g6 11. O-O Bg7 12. Bf4 Nc4 13. Nc3 N4xe5 14. Nb5
O-O 15. Nc7 Rb8 16. Ba4 Nxf3+ 17. gxf3 e5 18. Bg3 Nd4 19. Kg2 b5 20. Bd1 Bb7
21. Re1 f6 22. Re3 Rbc8 0-1

[Event "Julian Mazur Memorial"]
[Site "Wellington Chess Club"]
[Date "2014.08.07"]
[Round "3"]
[White "Kay, Bruce"]
[Black "Wight, Joshua"]
[Result "1-0"]
[WhiteElo "1744"]
[BlackElo "1204"]

1. d4 d5 2. c4 c6 3. Nf3 Nf6 4. Nc3 Bg4 5. Qb3 b6 6. cxd5 Bxf3 7. exf3 cxd5 8.
Bb5+ Nbd7 9. Nxd5 e6 10. Nc3 g6 11. Bf4 Qe7 12. O-O Bg7 13. d5 O-O 14. dxe6
fxe6 15. Rad1 Nc5 16. Qc2 Rfd8 17. Rfe1 Rxd1 18. Rxd1 Rd8 19. Be5 Rd5 20. Nxd5
exd5 21. Bc3 Qe6 22. Re1 Qf7 23. Qe2 Bh6 24. Qe7 Nfd7 25. b4 Bf8 26. Qxf7+ Kxf7
27. bxc5 Nxc5 28. Bc6 Nd3 29. Bxd5# 1-0

[Event "Julian Mazur Memorial"]
[Site "Wellington Chess Club"]
[Date "2014.08.07"]
[Round "3"]
[White "Konakanchi, Karthik"]
[Black "Sole, Michael"]
[Result "1/2-1/2"]
[WhiteElo "1351"]
[BlackElo "1746"]

1. e4 e5 2. Nf3 Nc6 3. Nc3 Nf6 4. Be2 Bc5 5. Nxe5 Nxe5 6. d4 Bxd4 7. Qxd4 d6 8.
Bf4 Nc6 9. Qd2 O-O 10. O-O Re8 11. Bd3 Ne5 12. Rfe1 Nxd3 13. Qxd3 Qe7 14. h3
Bd7 15. Bg5 c6 16. Rad1 Rad8 17. Qxd6 Qxd6 18. Rxd6 Be6 19. Rxd8 Rxd8 20. e5 h6
21. Bh4 g5 22. Bxg5 hxg5 23. exf6 Kh7 24. Re5 Kh6 25. a3 b6 26. Kf1 Rd2 27. Re1
Rxc2 28. Rb1 Kg6 29. Ne4 Bf5 30. Nd6 Kxf6 31. g4 Rxf2+ 32. Kxf2 Bxb1 33. Nc8
Be4 34. b4 Bd5 35. b5 cxb5 36. Nxa7 Bc4 37. Nc6 Bd3 38. Na7 Ke6 39. Nc8 Kd7 40.
Na7 Kc7 41. Ke3 Bc4 42. Ke4 Kb7 43. Nxb5 Bxb5 44. Kf5 Bd3+ 45. Kxg5 Kc7 46. Kf6
Bc4 47. h4 Kd7 48. h5 Ke8 49. h6 Bd3 50. Kg7 Ke7 51. h7 Bxh7 52. Kxh7 Kf6 53.
Kh6 Ke5 54. Kg7 f5 55. gxf5 Kxf5 56. Kf7 Ke5 57. Ke7 Kd5 58. Kd7 Kc5 59. Kc7
Kb5 60. Kd6 Ka4 61. Kc6 Ka5 62. a4 Ka6 63. Kc7 Ka5 64. Kc6 Kxa4 65. Kxb6
1/2-1/2

[Event "Julian Mazur Memorial"]
[Site "Wellington Chess Club"]
[Date "2014.08.07"]
[Round "3"]
[White "Meravanage, Satwik"]
[Black "Kierstead, James"]
[Result "1-0"]
[WhiteElo "1238"]
[BlackElo "1111"]

1. e4 c5 2. Nf3 d6 3. d4 cxd4 4. Nxd4 Nf6 5. Nc3 Nc6 6. f4 g6 7. Nb3 Bg7 8. Be3
O-O 9. Be2 e5 10. fxe5 dxe5 11. Qxd8 Rxd8 12. Rd1 Rxd1+ 13. Kxd1 Bg4 14. Bxg4
Nxg4 15. Ke2 Nxe3 16. Kxe3 Nd4 17. Nd5 Nxc2+ 18. Kd3 Nb4+ 19. Nxb4 Rd8+ 20. Nd5
Kf8 21. Rc1 f5 22. Ke3 f4+ 23. Kf3 Kf7 24. Rc7+ Ke6 25. Nc5+ Kd6 26. Nxb7+ Ke6
27. Re7# 1-0

[Event "Julian Mazur Memorial"]
[Site "Wellington Chess Club"]
[Date "2014.08.07"]
[Round "3"]
[White "Nyberg, Michael"]
[Black "Wilkins, Mark"]
[Result "0-1"]
[WhiteElo "2081"]
[BlackElo "1886"]

1. e4 c6 2. d4 d5 3. Nd2 dxe4 4. Nxe4 Bf5 5. Ng3 Bg6 6. Nf3 Nf6 7. h4 h6 8. Bc4
Nbd7 9. Qe2 e6 10. Be3 Bd6 11. h5 Bh7 12. O-O-O Qc7 13. Nf1 Nd5 14. Bd2 b5 15.
Bb3 a5 16. Bxd5 cxd5 17. Ne3 Rc8 18. c3 b4 19. Nxd5 Qc6 20. Ne5 Bxe5 21. dxe5
Qxd5 22. Bxh6 Qxa2 23. Qb5 Qb1+ (23... Rxc3+ $1 24. Kd2 Bd3 $3 {wins quickly} )
24. Kd2 Qxb2+ 25. Ke1 Qxc3+ 26. Kf1 Qc4+ 27. Qxc4 Rxc4 28. Bxg7 Rg8 29. h6 b3
30. Ke2 Nxe5 31. Bf6 Nd7 32. Bg7 Ke7 33. Rh5 a4 34. Ra5 Rgc8 35. Ra7 R8c7 36.
Ra5 Nb6 37. Bd4 Nd5 38. Be5 Re4+ 0-1

[Event "Julian Mazur Memorial"]
[Site "Wellington Chess Club"]
[Date "2014.08.07"]
[Round "3"]
[White "Roberts, Michael"]
[Black "Bennett, Ezra"]
[Result "1-0"]
[WhiteElo "1761"]
[BlackElo "1236"]

1. d4 d5 2. c4 c6 3. Nc3 Nf6 4. Nf3 e6 5. Bg5 Nbd7 6. e3 Bd6 7. cxd5 c5 8. dxe6
fxe6 9. Bc4 Nb6 10. Bb5+ Bd7 11. O-O Bxb5 12. Nxb5 O-O 13. Rc1 c4 14. e4 Qd7
15. Nxd6 Qxd6 16. e5 Qd5 17. exf6 gxf6 18. Bd2 Kh8 19. Bb4 Rg8 20. b3 Rac8 21.
Bc5 Qh5 22. Nd2 Rxg2+ 23. Kxg2 Rg8+ 24. Kh1 Qh4 25. Qf3 Rg6 26. Rg1 Nd5 27.
Rxg6 hxg6 28. bxc4 Nf4 29. Qg3 Qh6 30. Bf8 Qxf8 31. Qxf4 g5 32. Qf3 Qh6 33. Rb1
Qg6 34. Rxb7 Qe8 35. Qxf6+ Kg8 36. Qg7# 1-0

[Event "Julian Mazur Memorial"]
[Site "Wellington Chess Club"]
[Date "2014.08.07"]
[Round "3"]
[White "Scarlett, William"]
[Black "Cunningham, Patrick"]
[Result "0-1"]
[WhiteElo "1255"]
[BlackElo "1734"]

1. e4 e5 2. Nf3 Nc6 3. Bb5 a6 4. Ba4 Nf6 5. d3 d6 6. h3 Bd7 7. Bg5 Be7 8. O-O
O-O 9. c3 h6 10. Be3 b5 11. Bc2 d5 12. Re1 dxe4 13. dxe4 Qc8 14. Kh2 Rd8 15.
Nfd2 Qb7 16. Qf3 Be6 17. Qg3 Nh5 18. Qf3 Nf4 19. Bxf4 exf4 20. Qxf4 {Can't work
this out. Black won} 0-1

[Event "Julian Mazur Memorial"]
[Site "Wellington Chess Club"]
[Date "2014.08.07"]
[Round "3"]
[White "Scully, Ben"]
[Black "List, Robert"]
[Result "1-0"]
[WhiteElo "1046"]
[BlackElo "1724"]

1. e4 c5 2. Nf3 Nc6 3. d4 cxd4 4. Nxd4 e6 5. Nxc6 bxc6 6. Nc3 Bb4 7. Bd2 Nf6 8.
Bd3 h5 9. h3 Bb7 10. O-O Qc7 11. Qe2 a6 12. Rae1 Bc5 13. Na4 Ba7 14. Bb4 d6 15.
Bxd6 Qxd6 16. e5 Qb4 17. exf6 Qxa4 18. fxg7 Rg8 19. Qxh5 O-O-O 20. Qxf7 Qd4 21.
Rxe6 Rxg7 22. Qf5 Kb8 23. Re4 Qxb2 24. Qf4+ Ka8 25. Rb4 Qxa2 26. Rb3 Qa5 27. g3
Qh5 28. Bc4 Rd4 1-0

[Event "Julian Mazur Memorial"]
[Site "Wellington Chess Club"]
[Date "2014.08.07"]
[Round "3"]
[White "Stracy, Don"]
[Black "Sellen, Ian"]
[Result "0-1"]
[WhiteElo "1855"]
[BlackElo "2075"]

1. e4 e6 2. d4 d5 3. Nd2 c5 4. exd5 exd5 5. Ngf3 Nc6 6. Bb5 Bd6 7. dxc5 Bxc5 8.
O-O Ne7 9. Nb3 Bd6 10. Re1 O-O 11. Bg5 Qc7 12. h3 h6 13. Bxe7 Nxe7 14. Nbd4 Nc6
15. c3 Rd8 16. Ba4 a6 17. Bc2 Nxd4 18. Nxd4 Be5 19. Re2 g6 20. Qe1 Bf6 21. Rd1
Bd7 22. Rd3 Re8 23. Bb3 Rxe2 24. Qxe2 Re8 25. Re3 Rxe3 26. Qxe3 Qc5 27. Qd3 a5
28. Nc2 Bc6 29. Nd4 a4 30. Bc2 Bd7 31. Qd2 Kg7 32. Qd3 b5 33. a3 Bg5 34. Kf1
Bc1 35. b4 Qc4 36. Ke2 Bxa3 37. Qxc4 dxc4 38. Kd2 Bb2 39. Be4 a3 40. Kc2 Kf6
41. Ne2 Ke5 42. Bf3 Bf5+ 43. Kd2 a2 0-1

[Event "Julian Mazur Memorial"]
[Site "Wellington Chess Club"]
[Date "2014.08.14"]
[Round "4"]
[White "Asplet, Mike"]
[Black "Brockway, Andrew"]
[Result "0-1"]
[WhiteElo "1566"]
[BlackElo "1784"]

1. e4 c5 2. Nf3 g6 3. d4 cxd4 4. Nxd4 Nc6 5. Nc3 Bg7 6. Be3 d6 7. Qd2 Nf6 8. h3
Bd7 9. O-O-O Qa5 10. Nb3 Qd8 11. f4 a5 12. a4 Be6 13. Nd4 Nxd4 14. Bxd4 O-O 15.
Be2 Rc8 16. g4 Bc4 17. Bxc4 Rxc4 18. Bxf6 Bxf6 19. e5 Bg7 20. Nd5 Rxa4 21. c3
Ra1+ 22. Kc2 Rxd1 23. Rxd1 Qd7 24. Nb6 Qc6 25. exd6 exd6 26. Nd5 Re8 27. f5
Qa4+ 28. Kb1 Qe4+ 29. Ka2 Qc4+ 30. Kb1 Re2 31. Qd3 Qxd3+ 32. Rxd3 gxf5 33. gxf5
Re5 34. Kc2 Kf8 35. f6 Bh6 36. Nb6 Re6 37. Nc4 Rxf6 38. Nxd6 b6 39. Ne4 Re6 40.
Ng3 Re3 41. Rd8+ Ke7 42. Rg8 Kf6 43. Nf1 Rxh3 44. Ng3 Rh2+ 45. Kb3 Rd2 46. Ne4+
Ke7 47. Nxd2 Bxd2 48. Kc2 Be3 49. Kd3 Bc5 50. Rh8 Ke6 51. Rxh7 f6 52. Ke4 f5+
53. Kf4 Bd6+ 54. Kf3 Ke5 55. Rb7 Bc5 56. Rb8 Kd5 57. Kf4 Bd6+ 0-1

[Event "Julian Mazur Memorial"]
[Site "Wellington Chess Club"]
[Date "2014.08.14"]
[Round "4"]
[White "Cunningham, Patrick"]
[Black "Stracy, Don"]
[Result "0-1"]
[WhiteElo "1734"]
[BlackElo "1855"]

1. e4 c5 2. Nf3 e6 3. d4 cxd4 4. Nxd4 Nf6 5. Nc3 Nc6 6. Be3 Bb4 7. Bd3 d5 8.
exd5 Nxd5 9. O-O Nxe3 10. Nxc6 Nxd1 11. Nxd8 Nxb2 12. Bb5+ Kxd8 13. Na4 Nxa4
14. Bxa4 Ke7 15. Rab1 Ba5 16. Rb5 Bb6 17. Rd1 Rd8 18. Rxd8 Bxd8 19. Rh5 h6 20.
Rh3 Bd7 21. Bb3 Bc7 22. c4 Bc6 23. c5 Rd8 24. Re3 Bd5 25. g3 Bxb3 26. Rxb3 b6
27. Ra3 bxc5 28. Rxa7 Rd7 29. a4 c4 30. a5 c3 31. a6 c2 0-1

[Event "Julian Mazur Memorial"]
[Site "Wellington Chess Club"]
[Date "2014.08.14"]
[Round "4"]
[White "Jackson, Ross"]
[Black "Kay, Bruce"]
[Result "1-0"]
[WhiteElo "1984"]
[BlackElo "1744"]

1. d4 Nf6 2. c4 c5 3. d5 b5 4. cxb5 a6 5. bxa6 Bxa6 6. Nc3 d6 7. Nf3 g6 8. g3
Bg7 9. Bg2 O-O 10. O-O Qb6 11. Qc2 Nbd7 12. Rd1 Rfb8 13. Rb1 Qc7 14. b3 Nb6 15.
Bb2 Bb7 16. e4 Nfd7 17. Nb5 Qd8 18. Bxg7 Kxg7 19. Nc3 Bc8 20. Ra1 Nf8 21. a4
Bg4 22. h3 Bxf3 23. Bxf3 Nbd7 24. Nb5 Qa5 25. Be2 Rc8 26. Qb2+ Kg8 27. f4 Nb6
28. Na3 Qb4 29. Qc2 Nfd7 30. Nc4 Nxc4 31. Bxc4 Nb6 32. Rdb1 Rcb8 33. Bb5 Qd4+
34. Kg2 Nxd5 35. exd5 Rxb5 36. Rd1 Qf6 37. axb5 Rxa1 38. Rxa1 Qxa1 39. Qc4 Qa8
40. Kf2 Qb7 41. b4 Qb6 42. bxc5 dxc5 43. Ke2 Qd6 44. Qb3 Qb6 45. Qa4 Qd6 46.
Qa8+ Kg7 47. Qc6 Qd8 48. b6 Qb8 49. Qxc5 Qa8 50. Ke3 Qa1 51. Qd4+ 1-0

[Event "Julian Mazur Memorial"]
[Site "Wellington Chess Club"]
[Date "2014.08.14"]
[Round "4"]
[White "Kierstead, James"]
[Black "Collings, Alex"]
[Result "1-0"]
[WhiteElo "1111"]
[BlackElo "1203"]

1. c4 e5 2. Nc3 d6 3. d3 Be7 4. Nf3 Bd7 5. g3 Nf6 6. Bg2 O-O 7. O-O Bc6 8. b3
d5 9. Bb2 e4 10. Ne1 d4 11. Nb1 exd3 12. exd3 Re8 13. Bxc6 Nxc6 14. Nf3 Bc5 15.
Nbd2 Qd7 16. Ne4 Nxe4 17. dxe4 Rxe4 18. Ng5 Rg4 19. Bc1 h6 20. h3 Rxg5 21. Bxg5
hxg5 22. Qh5 Bd6 23. f4 gxf4 24. Rxf4 Bc5 25. Raf1 d3+ 26. Kh2 Rf8 27. Qxc5 Qe8
28. Qf2 Qe2 29. Qxe2 dxe2 30. Re1 Re8 31. Kg2 Nb4 32. Rf3 Nc2 33. Kf2 Nxe1 34.
Kxe1 Kh7 35. Rxf7 Kh6 36. Rxc7 Kg5 37. Rxg7+ 1-0

[Event "Julian Mazur Memorial"]
[Site "Wellington Chess Club"]
[Date "2014.08.14"]
[Round "4"]
[White "List, Robert"]
[Black "Bennett, Ezra"]
[Result "1-0"]
[WhiteElo "1724"]
[BlackElo "1236"]

1. e4 e5 2. Bc4 Nf6 3. d4 Nc6 4. Nf3 d5 5. exd5 Nxd5 6. dxe5 Nb6 7. Qxd8+ Nxd8
8. Bb3 Ne6 9. O-O Bd7 10. Nc3 O-O-O 11. Be3 Bc5 12. Bxe6 Bxe3 13. Bxd7+ Rxd7
14. fxe3 h5 15. b3 h4 16. Ng5 Rd2 17. Rac1 Nd5 18. Nxd5 Rxd5 19. Rcd1 Rxd1 20.
Rxd1 Rd8 21. Rxd8+ Kxd8 22. Nxf7+ Ke7 23. Ng5 {white won in 36} 1-0

[Event "Julian Mazur Memorial"]
[Site "Wellington Chess Club"]
[Date "2014.08.14"]
[Round "4"]
[White "Roberts, Michael"]
[Black "Konakanchi, Karthik"]
[Result "0-1"]
[WhiteElo "1761"]
[BlackElo "1351"]

1. e4 e5 2. Nf3 Nc6 3. Bb5 a6 4. Ba4 b5 5. Bb3 Bb7 6. O-O Nf6 7. d4 Nxd4 8.
Nxd4 exd4 9. e5 Ne4 10. f3 Ng5 11. Qxd4 c5 12. Qg4 h6 13. c3 c4 14. Bc2 Bc5+
15. Kh1 O-O 16. Nd2 d5 17. f4 Ne4 18. Nxe4 dxe4 19. f5 Qb6 20. f6 g6 21. Bxh6
Rfe8 22. Bg7 Rxe5 23. Rad1 Qc6 24. Bxe4 Rxe4 25. Qh3 Rh4 0-1

[Event "Julian Mazur Memorial"]
[Site "Wellington Chess Club"]
[Date "2014.08.14"]
[Round "4"]
[White "Rossiter, Philip"]
[Black "Nyberg, Michael"]
[Result "0-1"]
[WhiteElo "1922"]
[BlackElo "2081"]

1. c4 Nf6 2. Nc3 c6 3. e4 e5 4. Nf3 d6 5. Be2 Bg4 6. d4 Qc7 7. Be3 Nbd7 8. O-O
Be7 9. Qd2 Rd8 10. Rac1 Bxf3 11. Bxf3 exd4 12. Bxd4 O-O 13. h3 a6 14. Rfd1 Rfe8
15. Qc2 Ne5 16. Be2 Ng6 17. b4 Nf4 18. Bf3 Ne6 19. Be3 Nd7 20. a3 Bf6 21. Rd2
Be5 22. Rcd1 a5 23. Bg4 axb4 24. axb4 Nf6 25. Bxe6 Rxe6 26. Ne2 Nxe4 27. Nd4
Ree8 28. Rd3 Bf6 29. Nf5 Qd7 30. Nxd6 Nxd6 31. Rxd6 Qxd6 32. Rxd6 Rxd6 33. g3
h6 34. b5 cxb5 35. cxb5 Bd8 36. Qc8 b6 37. Bf4 Rde6 38. Kg2 Bf6 39. Qc7 Bd4 40.
Be3 Bxe3 41. fxe3 R8e7 42. Qd8+ Kh7 43. Qd3+ g6 44. Qd4 Rc7 45. Qf4 Rc2+ 46.
Kf1 Kg7 47. Qd4+ Rf6+ 48. Ke1 Rc5 49. e4 Rxb5 50. g4 g5 51. Qc4 Rc5 52. Qd4 Kg6
53. Qd3 Re5 54. Kd2 Rfe6 55. Qf3 Rf6 56. Qe3 b5 57. Qc3 Rxe4 58. Qd3 Rf2+ 59.
Kd1 Rf4 60. Qxb5 h5 61. Qc6+ f6 62. gxh5+ Kxh5 63. Qc8 Kh4 64. Kd2 Ra4 65. Qh8+
Kg3 66. Kc3 Ra3+ 67. Kb2 Re3 68. Qb8 Kg2 69. Qb7+ Rff3 70. Kc2 Kxh3 0-1

[Event "Julian Mazur Memorial"]
[Site "Wellington Chess Club"]
[Date "2014.08.14"]
[Round "4"]
[White "Sellen, Ian"]
[Black "Croad, Nicolas"]
[Result "0-1"]
[WhiteElo "2075"]
[BlackElo "2368"]

1. c4 Nf6 2. g3 e6 3. Bg2 d5 4. cxd5 exd5 5. Nf3 c6 6. O-O Be7 7. d3 O-O 8. Re1
Na6 9. Bd2 Bf5 10. Nh4 Bg4 11. h3 Be6 12. e4 Nc5 13. Be3 dxe4 14. Bxc5 Bxc5 15.
dxe4 Bxf2+ 16. Kxf2 Qb6+ 17. Kf3 Qxb2 18. Nd2 Rad8 19. Re2 g5 20. Nf5 Bxf5 21.
exf5 Rd3+ 22. Kf2 Rfd8 23. Ke1 Rxd2 24. Rxd2 Rxd2 25. Qxd2 Qxa1+ 26. Kf2 h6 27.
g4 Kg7 28. Bf3 Qe5 29. Kg2 Nd5 0-1